书目信息 |
| 题名: |
北京城的明朝往事
|
|
| 作者: | 万明 , 张兆裕 著 | |
| 分册: | ||
| 出版信息: | 济南 山东画报出版社 2008.01 |
|
| 页数: | 215页 | |
| 开本: | 23cm | |
| 丛书名: | 古城觅踪书系 | |
| 单 册: | ||
| 中图分类: | K248.09 | |
| 科图分类: | ||
| 主题词: | ||
| 电子资源: | ||
| ISBN: | 978-7-80713-569-2 | |
| 000 | 00937nam 2200265 450 | |
| 001 | 012008963454 | |
| 005 | 20080901182022.42 | |
| 010 | @a978-7-80713-569-2@dCNY18.00 | |
| 100 | @a20080901d2008 em y0chiy0120 ea | |
| 101 | 0 | @achi |
| 102 | @aCN@b370000 | |
| 105 | @aa z 000yy | |
| 106 | @ar | |
| 200 | 1 | @a北京城的明朝往事@Abei jing cheng de ming chao wang shi@f万明, 张兆裕等著@Fwan ming,zhang zhao yu deng zhu |
| 210 | @a济南@c山东画报出版社@d2008.01 | |
| 215 | @a215页@c图@d23cm | |
| 225 | 2 | @a古城觅踪书系@Agu cheng mi zong shu xi |
| 330 | @a本书从北京城遗存的角度,钩沉文物背后的历史人文,把那些往来于历史深处的人物集中起来,将北京城的明朝往事,讲述给大家听。 | |
| 410 | 0 | @12001 @a古城觅踪书系 |
| 607 | @a中国@Azhong guo@x古代史@z明代@j通俗读物 | |
| 690 | @aK248.09@v4 | |
| 701 | 0 | @a万明@Awan ming@4著 |
| 701 | 0 | @a张兆裕@Azhang zhao yu@4著 |
| 801 | 0 | @aCN@bQSSK@c20080901 |
| 905 | @b734048-50@dK248.09@eW037@f3 | |
| 北京城的明朝往事/万明, 张兆裕等著.-济南:山东画报出版社,2008.01 |
| 215页:图;23cm.-(古城觅踪书系) |
| ISBN 978-7-80713-569-2:CNY18.00 |
| 本书从北京城遗存的角度,钩沉文物背后的历史人文,把那些往来于历史深处的人物集中起来,将北京城的明朝往事,讲述给大家听。 |
| ● |
| 相关链接 |
|
|
|
正题名:北京城的明朝往事
索取号:K248.09/W037
 
预约/预借
| 序号 | 登录号 | 条形码 | 馆藏地/架位号 | 状态 | 备注 |
| 1 | 734048 | 207340484 | 社科库309/309社科库 34排5列6层/ [索取号:K248.09/W037] | 在馆 | |
| 2 | 734049 | 207340493 | 社科库309/309社科库 34排5列6层/ [索取号:K248.09/W037] | 在馆 | |
| 3 | 734050 | 207340509 | 社科库309/309社科库 34排5列6层/ [索取号:K248.09/W037] | 在馆 |